Recent insights into perceptual and motor skill learning (The computational and neural substrates of skill learning) (Record no. 27161)
[ view plain ]
| 000 -LEADER | |
|---|---|
| fixed length control field | 00635nam a2200133Ia 4500 |
| 008 - FIXED-LENGTH DATA ELEMENTS--GENERAL INFORMATION | |
| fixed length control field | 220620s9999||||xx |||||||||||||| ||und|| |
| 022 ## - INTERNATIONAL STANDARD SERIAL NUMBER | |
| International Standard Serial Number | 16648714 |
| 100 ## - MAIN ENTRY--PERSONAL NAME | |
| Personal name | Lior Shmuelof||John W Krakauer |
| 245 #0 - TITLE STATEMENT | |
| Title | Recent insights into perceptual and motor skill learning (The computational and neural substrates of skill learning) |
| 546 ## - LANGUAGE NOTE | |
| Language note | English[eng] |
| 650 ## - SUBJECT ADDED ENTRY--TOPICAL TERM | |
| Topical term or geographic name entry element | age differences||Explicit learning||neural plasticity||implicit learning||Acuity||intersubject variability |
| 856 ## - ELECTRONIC LOCATION AND ACCESS | |
| Uniform Resource Identifier | <a href="http://journal.frontiersin.org/researchtopic/753/the-computational-and-neural-processes-underlying-perceptual-and-motor-skill-learning">http://journal.frontiersin.org/researchtopic/753/the-computational-and-neural-processes-underlying-perceptual-and-motor-skill-learning</a> |
| 942 ## - ADDED ENTRY ELEMENTS (KOHA) | |
| Koha item type | E-Books |
| Withdrawn status | Lost status | Damaged status | Not for loan | Home library | Current library | Date acquired | Total Checkouts | Date last seen | Price effective from | Koha item type |
|---|---|---|---|---|---|---|---|---|---|---|
| Kerala University of Digital Sciences, Innovation and Technology Knowledge Centre | Kerala University of Digital Sciences, Innovation and Technology Knowledge Centre | 20/06/2022 | 20/06/2022 | 20/06/2022 | E-Books |